KARIS/ (Record no. 4119)

MARC details
000 -LEADER
campo de control de longitud fija 01224nam a22003017a 4500
003 - IDENTIFICADOR DE NÚMERO DE CONTROL
campo de control OSt
005 - FECHA Y HORA DE LA ÚLTIMA TRANSACCIÓN
campo de control 20230726151000.0
008 - DATOS DE LONGITUD FIJA--INFORMACIÓN GENERAL
campo de control de longitud fija 220929b |||||||| |||| 00| 0 eng d
040 ## - FUENTE DE CATALOGACIÓN
Centro/agencia transcriptor Biblioteca Lado V
082 ## - NÚMERO DE LA CLASIFICACIÓN DECIMAL DEWEY
Número de clasificación 306.4
Número de ítem I61k
110 ## - ENTRADA PRINCIPAL--NOMBRE DE ENTIDAD CORPORATIVA
9 (RLIN) 933
Nombre de entidad corporativa o nombre de jurisdicción como elemento de entrada INTERARTS
Término indicativo de función/relación autor
245 ## - MENCIÓN DEL TÍTULO
Título KARIS/
Resto del título Publicación Bimestral de INTERARTS, Observatorio Europeo de Políticas culturales urbanas y Regionales/
260 ## - PUBLICACIÓN, DISTRIBUCIÓN, ETC.
Lugar de publicación, distribución, etc. Barcelona
Nombre del editor, distribuidor, etc. Mälmo Municipaly
Fecha de publicación, distribución, etc. 1998
300 ## - DESCRIPCIÓN FÍSICA
Extensión 42p.
Dimensiones 41x30cm
490 ## - MENCIÓN DE SERIE
Mención de serie 6
505 ## - NOTA DE CONTENIDO CON FORMATO
Nota de contenido con formato Editorial
505 ## - NOTA DE CONTENIDO CON FORMATO
Nota de contenido con formato Proyecto INCLUDE: Cultura y ocupación
505 ## - NOTA DE CONTENIDO CON FORMATO
Nota de contenido con formato INTERARTS´98
505 ## - NOTA DE CONTENIDO CON FORMATO
Nota de contenido con formato Dossier: América Latina
Título Cooperación Cultural internacional y espacio euroamericano<br/><br/>Diatriba de amor<br/><br/>Programa URB-AL<br/><br/>Entrevista a Nestor García Canclini
505 ## - NOTA DE CONTENIDO CON FORMATO
Nota de contenido con formato Monsieur Oreja vous écoute
505 ## - NOTA DE CONTENIDO CON FORMATO
Nota de contenido con formato Nuevos modelos de apoyo europeo a la cooperación artística transfronteriza
505 ## - NOTA DE CONTENIDO CON FORMATO
Nota de contenido con formato Noticias
650 ## - PUNTO DE ACCESO ADICIONAL DE MATERIA--TÉRMINO DE MATERIA
Fuente del encabezamiento o término Tesauro de Arte & Arquitectura
Término de materia o nombre geográfico como elemento de entrada ARTE
650 ## - PUNTO DE ACCESO ADICIONAL DE MATERIA--TÉRMINO DE MATERIA
Fuente del encabezamiento o término Tesauro de Arte & Arquitectura
Término de materia o nombre geográfico como elemento de entrada CULTURA
650 ## - PUNTO DE ACCESO ADICIONAL DE MATERIA--TÉRMINO DE MATERIA
Fuente del encabezamiento o término Tesauro de Arte & Arquitectura
Término de materia o nombre geográfico como elemento de entrada OCUPACIÓN
650 ## - PUNTO DE ACCESO ADICIONAL DE MATERIA--TÉRMINO DE MATERIA
Fuente del encabezamiento o término Tesauro de Arte & Arquitectura
Término de materia o nombre geográfico como elemento de entrada NOTICIAS
942 ## - ELEMENTOS DE ENTRADA SECUNDARIOS (KOHA)
Fuente del sistema de clasificación o colocación Clasificación Decimal Dewey
Tipo de ítem Koha Libros
Parte de la signatura que corresponde a la clasificación (Parte de la clasificación) 306.4
Parte de la signatura que identifica el ejemplar (Parte del ítem) I61k
Suprimir en OPAC No
Holdings
Estatus retirado Estado de pérdida Fuente del sistema de clasificación o colocación Especificación de materiales (volumen encuadernado u otra parte) Estado de daño No para préstamo Colección Biblioteca de origen Biblioteca actual Fecha de adquisición Enumeración/cronología de publicación seriada Número de inventario Total de préstamos Signatura topográfica completa Código de barras Visto por última vez Precio de reemplazo Tipo de ítem Koha
    Clasificación Decimal Dewey 1998     Revistas Biblioteca LadoV Biblioteca LadoV 26/07/2023 6 003429   306.4 I61k 003429 26/07/2023 26/07/2023 Libros